000 00948nam a22002417a 4500
005 20080616142456.0
008 080616t xxu||||| |||| 00| 0 eng d
010 _aENG-90303
020 _a8121511902
_c600.00
035 _aEN-73836
037 _bDBAD / PUB
040 _aDPL
_bEN
082 _a250.3925
100 _aVarghese, Mathew
245 _aPrinciples of Buddhist tantra:
_cby Mathew Varghese
_ba discourse on Cittavisuddhi-prakarana of Aryadeva /
260 _aNew Delhi
_bMunshiram Manoharlal Publishers
_c2008
270 _aPost Box 5715, 54 Rani Jhansi Road,
_bNew Delhi
_e110055
300 _axvii, 282p.
_c25 cm (Hb)
500 _aIncludes bibliographical references & index
700 _a
942 _cEN
_h250.3925
_2ddc
_mVAR
999 _c13689
_d13689